000 01580nam0a22003251 4500
001 rc\4637394
005 20260413135142.0
021 _aRU
_b[65-85346]
035 _a(NLR Aleph) 008683224
090 _a9192225
_c9192225
100 _a20130416d1965 u y0rusy50 ca
101 0 _arus
102 _aRU
105 _aa z |||||
200 1 _aМеталлорежущие станки и инструментальное производство на Лейпцигской ярмарке в марте 1965 г.
_fПод общ. ред. В.И. Скопцова
_gНауч.-исслед. ин-т информации по машиностроению "НИИМаш" Гос. ком. по машиностроению при Госплане СССР
210 _aМосква
_cБ. и.
_d1965
215 _a84 с.
_cил.
_d22
225 1 _aСерия С-1 ["Станкостроение"]
300 _aПеред загл. авт.: В.И. Скопцов, М.В. Калинков, К.Ф. Романов. На обл. авт. не указаны
606 _aМеталлорежущие станки
_2psbo
606 _aРежущие инструменты
_2psbo
700 1 _aСкопцов
_bВ.И.
_4340
701 1 _7ca
_8rus
_aРоманов
_bК. Ф.
_cканд. техн. наук, обработка металла
_gКонстантин Федорович
_92704849
_3RU\NLR\AUTH\770292214
701 1 _aКалинков
_bМ.В.
801 0 _aRU
_bNLR
_gpsbo
801 1 _aRU
_bELAR
_2rusmarc
852 _aNLR
_j65-6/13403
942 _cBOOK
980 _aNB